000 00769nam a22002297a 4500
999 _c22538
_d22538
003 AR-CdUCM
008 190423b ||||| |||| 00| 0 spa d
020 _a9786124299001
040 _aMUNICIPALIDAD PROVINCIAL DEL CUSCO
_cBIBLIOTECA MUNICIPAL DEL CUSCO
041 _hspa
082 _aES/869.56/C28Y
_bC28Y
100 _aCarrasco Zuleta, Rosa
_948452
245 _aYaxes /
_cRosa Carrasco Zuleta ; ilustraciones, Felipe Morey
260 _aLima :
_bLoqueleo,
_c2020.
300 _a52 páginas, 1 página sin numerar :
_bilustraciones en color,
_c23 cm.
500 _a"Desde 8 años"--Cubierta.
650 _aCuentos infantiles peruanos
_93914
650 _aSiglo XX
_948449
700 _aMorey, Felipe
_eilustrador
_948453
942 _2ddc
_cLIBROS
945 _arac